000 00623nam a22002051c 4500
001 a987688555
008 171027s2017 gw |||| 000u rus d
020 _a9789859874224
_9978-985-9874-22-4
041 _arus
100 1 _aKarev, Dmitrij Vladimirovič
245 0 0 _aZapadnaja Belarus' v istoriko-kul'turnom i istoriografičeskom kontekstach Vostočnoj Evropy
264 _aGrodno :
_bJurSaPrint,
_c2017
300 _a207 S.
651 0 _aWeißrussland
651 0 _aOsteuropa
710 2 _aGrodnenskij gosudarstvennyj universitet imeni Janki Kupaly
942 _cMG
040 _cRU-10907106
003 RU-10907106
999 _c27537
_d27537